| 000 | 02281aam a2200325 i 4500 | ||
|---|---|---|---|
| 001 | 768714001 | ||
| 003 | CO-MdFUSB | ||
| 005 | 20250731082253.0 | ||
| 007 | cr aa aaaaa | ||
| 008 | 240408t2011 ck ||||| |||| 00| 0 spa d | ||
| 040 | _cCO-MdFUSB | ||
| 100 | 1 |
_aZambrano Carvajal, Erika _eautor |
|
| 245 | 1 | 0 |
_aUna respuesta bíblica y pastoral a la teología gay _c/ Erika Zambrano Carvajal , Moisés Daniel Gambin Marriaga , Juan Alexander Castaño Vélez ; asesorado por Fernando Abilio Mosquera Brand _h[electrónico] |
| 264 |
_aMedellín, Colombia : _bFUSBC, _c[2011] |
||
| 300 | _a116 páginas | ||
| 336 |
_2rdacontent _atexto _btxt |
||
| 337 |
_2rdamedia _ainformático _bc |
||
| 338 |
_2rdacarrier _aremoto _bcr |
||
| 502 |
_aTrabajo de grado _bTeología -- _cFundación Universitaria Seminario Bíblico de Colombia, _d2011 |
||
| 505 | _aEl posmodernismo, surgimiento de nuevas corrientes teológicas -- Surgimientos e impulsores del movimiento gay -- Historia de la teología gay -- Respuesta bíblica a la teología gay -- Una respuesta pastoral para la teología gay | ||
| 520 | _aEl tema de la teología gay aunque ya ha sido explorado en algunos campos del quehacer teológico, no así dentro del contexto de la iglesia cristiana. Algunas personas al oír de este tema les causa asombro y curiosidad por su es conocimiento, situación que tampoco permite al homosexual encontrar pautas que le brinden orientación y acompañamiento con relación a Dios. Por lo anterior, se levantaron las preguntas ¿Cuál es la respuesta bíblica y pastoral a la teología gay? y ¿Cómo ofrecer herramientas prácticas a la iglesia y al homosexual en busca de una sanidad? Para resolver los interrogantes anteriores se investigó acerca de la teología gay, su historia y postulados, además de realizar un acercamiento exegético a algunos textos bíblicos que han sido utilizados por los defensores de dicha teología. | ||
| 535 | _aRecurso en REPCI | ||
| 650 | 1 | 0 |
_aSexo _91346 |
| 653 | _aTeología gay | ||
| 700 |
_aGambin Marriaga, Moisés Daniel, _99204 _eautor |
||
| 700 |
_aCastaño Vélez, Juan Alexander, _99205 _eautor |
||
| 700 |
_aMosquera Brand, Fernando Abilio, _9850 _easesor |
||
| 856 |
_aREPCI _uhttps://repositorio.repci.co/handle/123456789/677 |
||
| 942 | _cTG | ||
| 999 |
_c42971 _d42971 |
||